000 00761nam a2200253 i 4500
003 DO-SdBNP
005 20230815080449.0
006 a||||fr|||| 00| 0
007 ta
008 230814e2023 dr ||||| |||| 00| 0 spa d
020 _a9789945940008
040 _aDO-SdBNP
_bspa
_cBNPHU
_erda
082 4 _222
_bB681c
100 1 _aBoin, Jacqueline
_97799
_eautora
245 1 0 _aCapital y humanidad. /
_cJacqueline Boin, José Serrulle Ramia
264 1 _aSanto Domingo :
_bCiencia y Arte,
_c2023
300 _a505 páginas ;
_c23 cm.
336 _2rdacontent
_atexto
_btxt
337 _2rdamedia
_asin mediación
_bn
338 _2rdacarrier
_avolumen
_bnc
590 _aInventariado 2023 / MF
700 1 _aSerrulle Ramia, José
_956188
_eautor
942 _2ddc
_cLBS1
999 _c54396
_d54396